| 000 | 01438nam0a22002651 4500 | ||
|---|---|---|---|
| 001 | rc\2648131 | ||
| 005 | 20250529191041.0 | ||
| 035 | _a(NLR Aleph) 006955765 | ||
| 090 |
_a5291931 _c5291931 |
||
| 100 | _a20110610d1928 |||y0rusy50 ca | ||
| 101 | 0 | _arus | |
| 102 | _aRU | ||
| 105 | _ay z ||||| | ||
| 200 | 1 |
_aТерапевтическое и профилактическое лечение Наганолем трипанозомоза (Су-ауру) у верблюдов _e[Из Ветеринарного Управления Уральск. обл. (Казакстан) (Зав. д-р В.С. Емелин), Ин-та экспериментальной терапии и контроля сывороток и вакцин им. Терасевича в Москве (Д-р. проф. П.Н. Диагроптов) и из Гос. Ин-та микр. и эпид. в Саратове (Д-р проф. С.М. Никаноров)] |
|
| 210 |
_aСаратов _cБ. и. _d[1928] _gтип. № 2 |
||
| 215 |
_a8 с. _d27 см |
||
| 300 | _aТекст на рус. и нем. яз. | ||
| 300 | _aОтд. отт. из "Вестника микр., эпид. и паразитологии", т. VII, вып. 4. 1928 | ||
| 700 | 1 |
_aЕмелин _bВ.С. _f1889- _gВиктор Семенович |
|
| 701 | 1 |
_aЛейсс _bА. |
|
| 801 | 0 |
_aRU _bNLR _gpsbo |
|
| 801 | 1 |
_aRU _bELAR _2rusmarc |
|
| 852 |
_aNLR _j71/1028 |
||
| 942 | _cBOOK | ||
| 980 | _aNB | ||